000 01478cam a22002174a 4500
005 20250605164001.0
008 250528s ||||||||||||||||||||||||d
035 _a15652
020 _a137991495
040 _aGR-AtMCL
_bgre
_dGR-AtMCL
_eAACR2
245 1 _aSecurity Analysis and Portfolio Management / Fifth Edition
250 _a5th
260 _bPrentice Hall,
_c1991
300 _a772
520 _aPreface, The Investment Environment, Introduction to Securities, Markets for Securities and Taxes, Framework of Risk and Return, Security Returns and Valuation, Risk in Holding Securities, Common-Stock Analysis, Economic Analysis, Industry Analysis, Company Analysis: Measuring Earnings, Company Analysis: Forecasting Earnings, Company Analysis: Applied Valuation, Bond Analysis, Bond Analysis: Returns and Systematic Risk, Bond Analysis: Unsystematic Risk, Bond Management Strategies, Options and Futures, Options, Warrants and Convertibles, Futures, Alternative Investments, International Diversification, Venture Capital and Real Estate, Technical Analysis and the Efficient Market Theory, Technical Analysis, Efficient Market Theory, Portfolio Analysis and Selection and Management, Portfolio Analysis, Portfolio Selection, Capital Market Theory, Managed Portfolios and Performance Measurements, Appendix: Mathematical Tables, Index.
700 1 _aFischer Donald E
_91613
700 1 _aJordan Ronald J
_91614
942 _cBK
999 _c1216
_d1216